<?xml version="1.0" encoding="UTF-8"?>
<record
    xmlns:xsi="http://www.w3.org/2001/XMLSchema-instance"
    xsi:schemaLocation="http://www.loc.gov/MARC21/slim http://www.loc.gov/standards/marcxml/schema/MARC21slim.xsd"
    xmlns="http://www.loc.gov/MARC21/slim">

  <leader>02090nam0a2200385   4500</leader>
  <controlfield tag="001">RU\NLR\bibl\1296191</controlfield>
  <controlfield tag="005">20260405173957.0</controlfield>
  <datafield tag="010" ind1=" " ind2=" ">
    <subfield code="a">978-5-9758-0777-9</subfield>
    <subfield code="9">100</subfield>
  </datafield>
  <datafield tag="021" ind1=" " ind2=" ">
    <subfield code="a">RU</subfield>
    <subfield code="b">2008-75822</subfield>
    <subfield code="9">4375</subfield>
  </datafield>
  <datafield tag="035" ind1=" " ind2=" ">
    <subfield code="a">(NLR Aleph) 001281814</subfield>
  </datafield>
  <datafield tag="090" ind1=" " ind2=" ">
    <subfield code="a">503806</subfield>
    <subfield code="c">503806</subfield>
  </datafield>
  <datafield tag="100" ind1=" " ind2=" ">
    <subfield code="a">20081119d2008    |||y0rusy50      ca</subfield>
  </datafield>
  <datafield tag="101" ind1="0" ind2=" ">
    <subfield code="a">rus</subfield>
  </datafield>
  <datafield tag="102" ind1=" " ind2=" ">
    <subfield code="a">RU</subfield>
  </datafield>
  <datafield tag="105" ind1=" " ind2=" ">
    <subfield code="a">a   |||||||||</subfield>
  </datafield>
  <datafield tag="200" ind1="1" ind2=" ">
    <subfield code="a">&#x41F;&#x43E;&#x442;&#x435;&#x43D;&#x446;&#x438;&#x43E;&#x43C;&#x435;&#x442;&#x440;&#x438;&#x447;&#x435;&#x441;&#x43A;&#x438;&#x435; &#x441;&#x435;&#x43D;&#x441;&#x43E;&#x440;&#x44B; &#x434;&#x43B;&#x44F; &#x43E;&#x43F;&#x440;&#x435;&#x434;&#x435;&#x43B;&#x435;&#x43D;&#x438;&#x44F; &#x441;&#x438;&#x43D;&#x442;&#x435;&#x442;&#x438;&#x447;&#x435;&#x441;&#x43A;&#x438;&#x445; &#x43F;&#x43E;&#x432;&#x435;&#x440;&#x445;&#x43D;&#x43E;&#x441;&#x442;&#x43D;&#x43E;-&#x430;&#x43A;&#x442;&#x438;&#x432;&#x43D;&#x44B;&#x445; &#x432;&#x435;&#x449;&#x435;&#x441;&#x442;&#x432;</subfield>
    <subfield code="f">&#x415;.&#x413;. &#x41A;&#x443;&#x43B;&#x430;&#x43F;&#x438;&#x43D;&#x430;, &#x420;.&#x41A;. &#x427;&#x435;&#x440;&#x43D;&#x43E;&#x432;&#x430;, &#x410;.&#x418;. &#x41A;&#x443;&#x43B;&#x430;&#x43F;&#x438;&#x43D;</subfield>
    <subfield code="g">&#x43F;&#x43E;&#x434; &#x440;&#x435;&#x434;. &#x43F;&#x440;&#x43E;&#x444;. &#x420;.&#x41A;. &#x427;&#x435;&#x440;&#x43D;&#x43E;&#x432;&#x43E;&#x439;</subfield>
    <subfield code="g">&#x424;&#x435;&#x434;&#x435;&#x440;. &#x430;&#x433;&#x435;&#x43D;&#x442;&#x441;&#x442;&#x432;&#x43E; &#x43F;&#x43E; &#x43E;&#x431;&#x440;&#x430;&#x437;&#x43E;&#x432;&#x430;&#x43D;&#x438;&#x44E; &#x420;&#x43E;&#x441;. &#x424;&#x435;&#x434;&#x435;&#x440;&#x430;&#x446;&#x438;&#x438;, &#x421;&#x430;&#x440;&#x430;&#x442;. &#x433;&#x43E;&#x441;. &#x443;&#x43D;-&#x442; &#x438;&#x43C;. &#x41D;.&#x413;. &#x427;&#x435;&#x440;&#x43D;&#x44B;&#x448;&#x435;&#x432;&#x441;&#x43A;&#x43E;&#x433;&#x43E;</subfield>
  </datafield>
  <datafield tag="210" ind1=" " ind2=" ">
    <subfield code="a">&#x421;&#x430;&#x440;&#x430;&#x442;&#x43E;&#x432;</subfield>
    <subfield code="c">&#x41D;&#x430;&#x443;&#x447;&#x43D;&#x430;&#x44F; &#x43A;&#x43D;&#x438;&#x433;&#x430;</subfield>
    <subfield code="d">2008</subfield>
  </datafield>
  <datafield tag="215" ind1=" " ind2=" ">
    <subfield code="a">176 &#x441;.</subfield>
    <subfield code="c">&#x438;&#x43B;.</subfield>
    <subfield code="d">21</subfield>
  </datafield>
  <datafield tag="225" ind1="1" ind2=" ">
    <subfield code="a">&#x41F;&#x440;&#x438;&#x43E;&#x440;&#x438;&#x442;&#x435;&#x442;&#x43D;&#x44B;&#x435; &#x43D;&#x430;&#x446;&#x438;&#x43E;&#x43D;&#x430;&#x43B;&#x44C;&#x43D;&#x44B;&#x435; &#x43F;&#x440;&#x43E;&#x435;&#x43A;&#x442;&#x44B;</subfield>
    <subfield code="i">&#x41E;&#x431;&#x440;&#x430;&#x437;&#x43E;&#x432;&#x430;&#x43D;&#x438;&#x435;</subfield>
  </datafield>
  <datafield tag="300" ind1=" " ind2=" ">
    <subfield code="a">100-&#x43B;&#x435;&#x442;&#x438;&#x44E; &#x421;&#x430;&#x440;&#x430;&#x442;. &#x433;&#x43E;&#x441;. &#x443;&#x43D;-&#x442;&#x430; &#x438;&#x43C;. &#x41D;.&#x413;. &#x427;&#x435;&#x440;&#x43D;&#x44B;&#x448;&#x435;&#x432;&#x441;&#x43A;&#x43E;&#x433;&#x43E;, 80-&#x43B;&#x435;&#x442;&#x438;&#x44E; &#x425;&#x438;&#x43C;. &#x444;&#x430;&#x43A;. &#x43F;&#x43E;&#x441;&#x432;&#x44F;&#x449;&#x430;&#x435;&#x442;&#x441;&#x44F;</subfield>
  </datafield>
  <datafield tag="320" ind1=" " ind2=" ">
    <subfield code="a">&#x411;&#x438;&#x431;&#x43B;&#x438;&#x43E;&#x433;&#x440;. &#x432; &#x43A;&#x43E;&#x43D;&#x446;&#x435; &#x433;&#x43B;&#x430;&#x432;</subfield>
  </datafield>
  <datafield tag="606" ind1="1" ind2=" ">
    <subfield code="a">&#x425;&#x438;&#x43C;&#x438;&#x447;&#x435;&#x441;&#x43A;&#x438;&#x435; &#x441;&#x435;&#x43D;&#x441;&#x43E;&#x440;&#x44B;</subfield>
    <subfield code="9">1968200</subfield>
    <subfield code="3">RU\NLR\auth\661188591</subfield>
  </datafield>
  <datafield tag="606" ind1="1" ind2=" ">
    <subfield code="a">&#x41F;&#x43E;&#x432;&#x435;&#x440;&#x445;&#x43D;&#x43E;&#x441;&#x442;&#x43D;&#x43E;-&#x430;&#x43A;&#x442;&#x438;&#x432;&#x43D;&#x44B;&#x435; &#x432;&#x435;&#x449;&#x435;&#x441;&#x442;&#x432;&#x430; &#x441;&#x438;&#x43D;&#x442;&#x435;&#x442;&#x438;&#x447;&#x435;&#x441;&#x43A;&#x438;&#x435;</subfield>
    <subfield code="9">1049335</subfield>
    <subfield code="3">RU\NLR\auth\66405353</subfield>
  </datafield>
  <datafield tag="686" ind1=" " ind2=" ">
    <subfield code="a">&#x413;576.3</subfield>
  </datafield>
  <datafield tag="686" ind1=" " ind2=" ">
    <subfield code="a">&#x41B;785.3</subfield>
  </datafield>
  <datafield tag="700" ind1=" " ind2="1">
    <subfield code="4">070</subfield>
    <subfield code="8">rus</subfield>
    <subfield code="7">ca</subfield>
    <subfield code="a">&#x41A;&#x443;&#x43B;&#x430;&#x43F;&#x438;&#x43D;&#x430;</subfield>
    <subfield code="b">&#x415;. &#x413;.</subfield>
    <subfield code="f">1944-</subfield>
    <subfield code="g">&#x415;&#x43B;&#x435;&#x43D;&#x430; &#x413;&#x440;&#x438;&#x433;&#x43E;&#x440;&#x44C;&#x435;&#x432;&#x43D;&#x430;</subfield>
    <subfield code="3">RU\NLR\auth\7775287</subfield>
    <subfield code="9">58215</subfield>
  </datafield>
  <datafield tag="701" ind1=" " ind2="1">
    <subfield code="4">070</subfield>
    <subfield code="8">rus</subfield>
    <subfield code="7">ca</subfield>
    <subfield code="a">&#x427;&#x435;&#x440;&#x43D;&#x43E;&#x432;&#x430;</subfield>
    <subfield code="b">&#x420;. &#x41A;.</subfield>
    <subfield code="c">&#x434;-&#x440; &#x445;&#x438;&#x43C;. &#x43D;&#x430;&#x443;&#x43A;</subfield>
    <subfield code="f">1938-</subfield>
    <subfield code="g">&#x420;&#x438;&#x43C;&#x43C;&#x430; &#x41A;&#x443;&#x437;&#x44C;&#x43C;&#x438;&#x43D;&#x438;&#x447;&#x43D;&#x430;</subfield>
    <subfield code="3">RU\NLR\auth\7775284</subfield>
    <subfield code="9">58212</subfield>
  </datafield>
  <datafield tag="701" ind1=" " ind2="1">
    <subfield code="4">070</subfield>
    <subfield code="8">rus</subfield>
    <subfield code="7">ca</subfield>
    <subfield code="a">&#x41A;&#x443;&#x43B;&#x430;&#x43F;&#x438;&#x43D;</subfield>
    <subfield code="b">&#x410;. &#x418;.</subfield>
    <subfield code="g">&#x410;&#x43B;&#x435;&#x43A;&#x441;&#x435;&#x439; &#x418;&#x432;&#x430;&#x43D;&#x43E;&#x432;&#x438;&#x447;</subfield>
    <subfield code="3">RU\NLR\auth\7775291</subfield>
    <subfield code="9">58219</subfield>
  </datafield>
  <datafield tag="801" ind1=" " ind2="0">
    <subfield code="a">RU</subfield>
    <subfield code="b">NLR</subfield>
    <subfield code="c">20081119</subfield>
    <subfield code="g">RCR</subfield>
  </datafield>
  <datafield tag="801" ind1=" " ind2="1">
    <subfield code="a">RU</subfield>
    <subfield code="b">NLR</subfield>
    <subfield code="c">20081119</subfield>
  </datafield>
  <datafield tag="830" ind1=" " ind2=" ">
    <subfield code="a">&#x410;&#x432;&#x442;. &#x43F;&#x43E; &#x43A;&#x43D;.</subfield>
  </datafield>
  <datafield tag="942" ind1=" " ind2=" ">
    <subfield code="c">BOOK</subfield>
  </datafield>
  <datafield tag="980" ind1=" " ind2=" ">
    <subfield code="a">NB</subfield>
  </datafield>
  <datafield tag="980" ind1=" " ind2=" ">
    <subfield code="a">NBR</subfield>
  </datafield>
  <datafield tag="995" ind1=" " ind2=" ">
    <subfield code="5">2008-11-19</subfield>
    <subfield code="a">ad</subfield>
    <subfield code="b">NLR01</subfield>
    <subfield code="c">NLR01</subfield>
    <subfield code="e">RF9</subfield>
    <subfield code="f">2793802</subfield>
    <subfield code="k">2008-3/34143</subfield>
    <subfield code="o">0</subfield>
    <subfield code="r">BOOK</subfield>
    <subfield code="s">2008334143_</subfield>
  </datafield>
  <datafield tag="995" ind1=" " ind2=" ">
    <subfield code="5">2008-11-19</subfield>
    <subfield code="a">ad</subfield>
    <subfield code="b">NLR01</subfield>
    <subfield code="c">NLR01</subfield>
    <subfield code="e">RF9</subfield>
    <subfield code="f">2793803</subfield>
    <subfield code="k">2008-3/34143</subfield>
    <subfield code="o">0</subfield>
    <subfield code="r">BOOK</subfield>
    <subfield code="s">2008334143_</subfield>
  </datafield>
</record>
